| 000 | 00745nam a22002057a 4500 | ||
|---|---|---|---|
| 999 |
_c10925 _d10925 |
||
| 003 | AR-CdUCM | ||
| 008 | 190402b ||||| |||| 00| 0 spa d | ||
| 020 | _a987-9000-40-4 | ||
| 040 |
_aMUNICIPALIDAD PROVINCIAL DEL CUSCO _cBIBLIOTECA MUNICIPAL DEL CUSCO |
||
| 082 |
_aEP / 373.03 / _bE56 |
||
| 110 |
_aDiario OJO _928002 |
||
| 245 | _aEnciclopedia temática escolar / | ||
| 260 |
_aLima : _bVisor Enciclopedias Audiovisuales, _c1999. |
||
| 300 |
_a2 t. en 1 v. : _bIlustraciones, _c27 cm. |
||
| 505 | _aContenido: t.1. Áreas naturales, exactas y tecnológicas -- t.2. Área humanística. | ||
| 650 |
_aEnciclopedias y diccionarios _926469 |
||
| 650 |
_aProcesamiento electrónico de datos _928003 |
||
| 942 |
_2ddc _cLIBROS |
||
| 945 | _arjall | ||